[Event "Battle of Alberta"]
[Site "Red Deer CAN"]
[Date "1999.08.14"]
[Round "2"]
[White "Newton, Geoff"]
[Black "Ferrar, John"]
[Result "0-1"]
[WhiteElo "2053"]
[BlackElo "2141"]
[PlyCount "34"]
[GameId "2160767911742447"]
[EventDate "1999.08.14"]
[EventType "team"]
[EventRounds "2"]
[EventCountry "CAN"]

1. e4 c5 2. Nf3 Nc6 3. Bb5 g6 4. O-O Bg7 5. Re1 Nd4 6. Nxd4 cxd4 7. c3 Qb6 8. Qb3 e6 9. Na3 Ne7 10. Nc4 Qc5 11. e5 O-O 12. cxd4 Qxd4 13. d3 Nd5 14. Re4 Qc5 15. d4 Qb4 16. Qh3 f5 17. Rh4 Qe1# 0-1

[Event "Battle of Alberta"]
[Site "Red Deer CAN"]
[Date "1999.08.14"]
[Round "2"]
[White "Olson, Hans"]
[Black "Usselman, Paul"]
[Result "1-0"]
[WhiteElo "2055"]
[BlackElo "1996"]
[PlyCount "39"]
[GameId "2160767911742448"]
[EventDate "1999.08.14"]
[EventType "team"]
[EventRounds "2"]
[EventCountry "CAN"]

1. e4 c6 2. d4 d5 3. e5 Bf5 4. Bd3 Bxd3 5. Qxd3 e6 6. Nc3 Qa5 7. Nge2 Qa6 8. Qh3 Ne7 9. O-O Ng6 10. f4 Nd7 11. f5 exf5 12. Qxf5 O-O-O 13. Qxf7 Be7 14. Nf4 Rdf8 15. Qe6 Bg5 16. Qg4 Bxf4 17. Bxf4 Qb6 18. Bg3 Qxb2 19. Na4 h5 20. Qxd7+ 1-0

[Event "Battle of Alberta"]
[Site "Red Deer CAN"]
[Date "1999.08.14"]
[Round "2"]
[White "Thimm, Harald"]
[Black "Ficko, Brady"]
[Result "1-0"]
[WhiteElo "1981"]
[BlackElo "1986"]
[PlyCount "37"]
[GameId "2160767911742449"]
[EventDate "1999.08.14"]
[EventType "team"]
[EventRounds "2"]
[EventCountry "CAN"]

1. d4 Nf6 2. c4 c5 3. Nf3 cxd4 4. Nxd4 Nc6 5. Nc3 e6 6. g3 Bb4 7. Nxc6 bxc6 8. Bd2 O-O 9. Bg2 d5 10. cxd5 cxd5 11. O-O Ba6 12. a3 Bd6 13. Re1 Rb8 14. b4 Bc4 15. Rc1 a5 16. bxa5 Bxa3 17. Rb1 Rxb1 18. Nxb1 Qc7 19. Nxa3 1-0

[Event "Battle of Alberta"]
[Site "Red Deer CAN"]
[Date "1999.08.14"]
[Round "2"]
[White "Watson, Walter"]
[Black "Gomboc, Dave"]
[Result "1-0"]
[WhiteElo "2050"]
[BlackElo "2074"]
[PlyCount "107"]
[GameId "2160767911742450"]
[EventDate "1999.08.14"]
[EventType "team"]
[EventRounds "2"]
[EventCountry "CAN"]

1. c4 e6 2. g3 d5 3. Nc3 Nf6 4. Bg2 c6 5. cxd5 exd5 6. d4 Bd6 7. Nf3 O-O 8. O-O Ne4 9. Nxe4 dxe4 10. Ng5 e3 11. Bxe3 Re8 12. Qc2 g6 13. Nf3 Na6 14. a3 Nc7 15. Rfe1 h5 16. Bg5 Qd7 17. e4 Be7 18. Bxe7 Qxe7 19. Rad1 Bg4 20. h3 Bxf3 21. Bxf3 h4 22. Qd2 Rad8 23. Qf4 Ne6 24. Qe3 hxg3 25. fxg3 Kg7 26. h4 g5 27. d5 Nc5 28. Qxg5+ Qxg5 29. hxg5 cxd5 30. exd5 Rxe1+ 31. Rxe1 Kg6 32. b4 Nd7 33. d6 Nb6 34. Re7 Rxd6 35. Rxb7 Kxg5 36. Rxa7 Nc4 37. Be2 Ne5 38. b5 f5 39. Ra4 Rd2 40. Kf1 Rb2 41. Ra8 f4 42. Rg8+ Kf5 43. Rf8+ Ke4 44. gxf4 Nd7 45. Rf7 Nb6 46. f5 Nd5 47. f6 Ke5 48. a4 Nxf6 49. a5 Nd5 50. a6 Kd6 51. Rb7 Nc3 52. a7 Ra2 53. Rb6+ Kc7 54. Ra6 1-0

[Event "Battle of Alberta"]
[Site "Red Deer CAN"]
[Date "1999.08.15"]
[Round "2"]
[White "Milne, Arthur"]
[Black "Quiring, John"]
[Result "1-0"]
[WhiteElo "1930"]
[BlackElo "1949"]
[PlyCount "59"]
[GameId "2160767911742452"]
[EventDate "1999.08.14"]
[EventType "team"]
[EventRounds "2"]
[EventCountry "CAN"]

1. e4 e5 2. Nc3 Nf6 3. g3 Bc5 4. Bg2 d6 5. h3 Nc6 6. Nge2 Be6 7. d3 d5 8. exd5 Nxd5 9. Ne4 Bb6 10. N2c3 h6 11. Nxd5 Bxd5 12. Qg4 Bxe4 13. Bxe4 Qf6 14. O-O Nd8 15. Kh2 h5 16. Qd1 c6 17. Be3 Ne6 18. Bxb6 axb6 19. c3 h4 20. Qg4 Qg5 21. Qxg5 Nxg5 22. Bg2 O-O-O 23. Rfe1 f6 24. Re3 Ne6 25. d4 hxg3+ 26. fxg3 Rhe8 27. Rae1 Ng5 28. dxe5 Rd2 29. h4 Nf7 30. exf6 1-0

[Event "Battle of Alberta"]
[Site "Red Deer CAN"]
[Date "1999.08.15"]
[Round "2"]
[White "South, Robert"]
[Black "Fullbrook, Nigel"]
[Result "1/2-1/2"]
[WhiteElo "2225"]
[BlackElo "2225"]
[PlyCount "56"]
[GameId "2160767911742453"]
[EventDate "1999.08.14"]
[EventType "team"]
[EventRounds "2"]
[EventCountry "CAN"]
[SourceTitle "EXT 2005"]
[Source "ChessBase"]
[SourceDate "2004.11.15"]
[SourceVersion "1"]
[SourceVersionDate "2004.11.15"]
[SourceQuality "1"]

1. d4 Nf6 2. c4 c5 3. Nf3 g6 4. Nc3 Bg7 5. e4 cxd4 6. Nxd4 d6 7. Be2 Nc6 8. Be3 Bd7 9. O-O O-O 10. h3 Nxd4 11. Bxd4 Bc6 12. Qc2 a5 13. Rad1 a4 14. c5 Qa5 15. cxd6 exd6 16. Rfe1 a3 17. Bc4 Rac8 18. Bb3 Rfe8 19. Qd2 Nxe4 20. Qf4 Qf5 21. Qxf5 gxf5 22. Bxg7 Kxg7 23. Nxe4 fxe4 24. Rxd6 axb2 25. Rd2 e3 26. Rxb2 exf2+ 27. Kxf2 Rxe1 28. Kxe1 Re8+ 1/2-1/2

[Event "Beloeil CC ch"]
[Site "Beloeil CAN"]
[Date "1999.10.05"]
[Round "2"]
[White "Lacroix, Serge"]
[Black "Hebert, Jean"]
[Result "0-1"]
[Annotator "Incomplete"]
[WhiteElo "1984"]
[BlackElo "2432"]
[PlyCount "104"]
[GameId "2160767738102476"]
[EventDate "1999.11.08"]
[EventType "swiss"]
[EventRounds "6"]
[EventCountry "CAN"]
[SourceTitle "Lacroix"]

1. e4 g6 2. d4 d6 3. f4 d5 4. exd5 Qxd5 5. Nf3 Bg7 6. Nc3 Qa5 7. Bd2 Nh6 8. Ne5 c6 9. Bd3 Qb6 10. Ne2 Nf5 11. Nc4 Qd8 12. c3 c5 13. Bxf5 Bxf5 14. dxc5 Qd5 15. Ne3 Qxc5 16. Nxf5 gxf5 17. Ng3 Nc6 18. Qe2 O-O-O 19. Be3 Qa5 20. O-O e6 21. a3 Qa4 22. Rad1 Qb3 23. Nh5 Rxd1 24. Rxd1 Bf8 25. Rd2 Be7 26. Qf2 Rd8 27. Rxd8+ Bxd8 28. Qd2 Na5 29. Qe2 Nc4 30. Bxa7 Nxb2 31. Bd4 Qxa3 32. h3 Qb3 33. Kf2 Nc4 34. Nf6 Bc7 35. g3 h6 36. Ne8 Bb8 37. h4 h5 38. Kg2 e5 39. fxe5 Nxe5 40. Nf6 Qe6 41. Nxh5 Qc6+ 42. Kf2 Ng4+ 43. Kg1 Bd6 44. Nf4 Bxf4 45. gxf4 Kd7 46. Qg2 Ke6 47. Qe2+ Kd7 48. Qd3 Qd5 49. c4 Qe4 50. Qxe4 fxe4 51. h5 Ke6 52. Kg2 f6 {etc.} 0-1

[Event "Beloeil CC ch"]
[Site "Beloeil CAN"]
[Date "1999.11.10"]
[Round "4"]
[White "Nunez, Omar"]
[Black "Lacroix, Serge"]
[Result "1/2-1/2"]
[Annotator "Incomplete"]
[WhiteElo "1915"]
[BlackElo "1984"]
[PlyCount "98"]
[GameId "2160767738102477"]
[EventDate "1999.11.08"]
[EventType "swiss"]
[EventRounds "6"]
[EventCountry "CAN"]
[SourceTitle "Lacroix"]

1. e4 e5 2. Nf3 Nc6 3. Bb5 a6 4. Ba4 Nf6 5. O-O b5 6. Bb3 Be7 7. c3 Nxe4 8. Bd5 Nf6 9. Bxc6 dxc6 10. Nxe5 Qd5 11. d4 c5 12. c4 Qxd4 13. Qf3 Qe4 14. Qxe4 Nxe4 15. Nc6 Be6 16. Re1 Nd6 17. a4 Nxc4 18. axb5 Bf6 19. Nc3 O-O 20. bxa6 Rfe8 21. a7 Bd7 22. Rxe8+ Bxe8 23. Nb8 Be5 24. Nd5 Kf8 25. Bf4 Bxf4 26. Nxf4 Nb6 27. b3 Nc8 28. Nd3 Rxa7 29. Rxa7 Nxa7 30. Na6 Bb5 31. Ndxc5 Bxa6 32. Nxa6 Nb5 33. Kf1 Ke7 34. Ke1 Kd6 35. Kd2 Nd4 36. b4 Nf5 37. Kc3 Nh4 38. g3 Nf3 39. h4 Ne5 40. Kd4 Ng4 41. f3 Ne5 42. f4 Nc6+ 43. Ke4 Ne7 44. g4 Kc6 45. h5 Kb6 46. Nc5 Nc6 47. Nd3 Kb5 48. Kd5 Ne7+ 49. Kd4 c6 {etc.} 1/2-1/2

[Event "Beloeil CC ch"]
[Site "Beloeil CAN"]
[Date "1999.11.11"]
[Round "6"]
[White "Tessier, Olivier"]
[Black "Lacroix, Serge"]
[Result "1/2-1/2"]
[WhiteElo "1901"]
[BlackElo "1984"]
[PlyCount "112"]
[GameId "2160767911741915"]
[EventDate "1999.11.08"]
[EventType "swiss"]
[EventRounds "6"]
[EventCountry "CAN"]
[SourceTitle "Lacroix"]

1. e4 e5 2. Nf3 Nc6 3. d4 exd4 4. Bc4 Nf6 5. O-O Nxe4 6. Re1 d5 7. Bxd5 Qxd5 8. Nc3 Qa5 9. Nxe4 Be6 10. Neg5 O-O-O 11. Nxe6 fxe6 12. Rxe6 Bd6 13. Bg5 Rde8 14. Qe2 Kd7 15. Rxe8 Rxe8 16. Qd3 g6 17. Bh4 Qf5 18. Qxf5+ gxf5 19. Kf1 Re4 20. Rd1 Ne5 21. Nxe5+ Bxe5 22. Bg3 f4 23. f3 fxg3 24. fxe4 gxh2 25. Kf2 Ke6 26. g3 c5 27. Rh1 d3 28. cxd3 Bd4+ 29. Kf3 Bg1 30. Kg2 Ke5 31. Rxh2 Bxh2 32. Kxh2 c4 33. dxc4 Kxe4 34. Kh3 Kd3 35. Kh4 a5 36. Kh5 Kc2 37. Kh6 Kxb2 38. Kxh7 Kxa2 39. g4 Kb3 40. g5 a4 41. g6 a3 42. g7 a2 43. g8=Q a1=Q 44. Qd5 Qa6 45. Kg7 Kb4 46. Kf8 Qf6+ 47. Kg8 b6 48. Qb5+ Kc3 49. Qa6 Qf2 50. Kh7 Qc5 51. Kg7 Kd4 52. Qa2 Qa5 53. Qb3 Kc5 54. Qd3 Qa1+ 55. Kf7 Qd4 56. Qf5+ Kxc4 1/2-1/2

[Event "Beloeil Estival"]
[Site "Beloeil CAN"]
[Date "1999.06.08"]
[Round "1"]
[White "Boulay, David"]
[Black "Charest, Johanne"]
[Result "1-0"]
[WhiteElo "2037"]
[BlackElo "1935"]
[PlyCount "73"]
[GameId "2160767911743310"]
[EventDate "1999.06.08"]
[EventType "tourn"]
[EventRounds "7"]
[EventCountry "CAN"]

1. e4 e5 2. d4 exd4 3. Qxd4 Nc6 4. Qe3 Bb4+ 5. Nc3 d6 6. Bd2 Nf6 7. O-O-O Ne5 8. h3 Be6 9. Kb1 Bc4 10. Qe1 Be6 11. f4 Nc4 12. Bxc4 Bxc4 13. e5 dxe5 14. fxe5 Nd7 15. Qe4 Bxc3 16. Bxc3 Be6 17. Nf3 c6 18. Bb4 Qb6 19. Qh4 c5 20. Bc3 h6 21. Rd6 Qd8 22. Qf4 Qc7 23. g4 O-O-O 24. Qa4 Kb8 25. Ba5 Nb6 26. Qf4 Rxd6 27. exd6 Qc6 28. Rd1 Nd5 29. Qe5 Kc8 30. c4 Nb4 31. Bxb4 Qxf3 32. Qxc5+ Qc6 33. Qd4 Rd8 34. c5 g6 35. Bc3 Qa6 36. b3 Qe2 37. Ba5 1-0

[Event "Beloeil Estival"]
[Site "Beloeil CAN"]
[Date "1999.06.10"]
[Round "1"]
[White "Soudre, Nicolas"]
[Black "Lacroix, Serge"]
[Result "1/2-1/2"]
[WhiteElo "2087"]
[BlackElo "1938"]
[PlyCount "50"]
[GameId "2160767911743311"]
[EventDate "1999.06.08"]
[EventType "tourn"]
[EventRounds "7"]
[EventCountry "CAN"]
[SourceTitle "Lacroix"]

1. e4 e5 2. Bc4 Nf6 3. d3 Nc6 4. Nc3 Na5 5. a3 Nxc4 6. dxc4 d6 7. Nf3 Be6 8. Qe2 Be7 9. h3 O-O 10. Bg5 h6 11. Be3 c6 12. g4 d5 13. cxd5 cxd5 14. Nxe5 dxe4 15. f4 Nd5 16. Nxd5 Bh4+ 17. Bf2 Bxf2+ 18. Qxf2 Qxd5 19. O-O Rfd8 20. Rae1 Qd4 21. f5 Qxb2 22. Rxe4 Bd5 23. Rd4 Bc6 24. Rxd8+ Rxd8 25. Nxc6 bxc6 1/2-1/2

[Event "Beloeil Estival"]
[Site "Beloeil CAN"]
[Date "1999.07.22"]
[Round "2"]
[White "Charest, Johanne"]
[Black "Moss, Laurent"]
[Result "0-1"]
[WhiteElo "1935"]
[BlackElo "2121"]
[PlyCount "56"]
[GameId "2160767911743312"]
[EventDate "1999.06.08"]
[EventType "tourn"]
[EventRounds "7"]
[EventCountry "CAN"]

1. e4 c5 2. Nc3 Nc6 3. f4 g6 4. Nf3 Bg7 5. Bc4 e6 6. d3 Nge7 7. O-O O-O 8. Qe1 d5 9. Bb3 Nd4 10. Nxd4 cxd4 11. Ne2 dxe4 12. dxe4 Qb6 13. Kh1 a5 14. Qh4 Nc6 15. Ng3 a4 16. Bc4 a3 17. bxa3 d3 18. f5 exf5 19. exf5 Bxf5 20. Nxf5 gxf5 21. Bh6 Bxa1 22. Bxf8 dxc2 23. Bxf7+ Kxf7 24. Qxh7+ Kxf8 25. Rxf5+ Ke8 26. Qg6+ Kd7 27. Qf7+ Kc8 28. Qf8+ Qd8 0-1

[Event "Beloeil Estival"]
[Site "Beloeil CAN"]
[Date "1999.06.14"]
[Round "3"]
[White "Soudre, Nicolas"]
[Black "Charest, Johanne"]
[Result "1-0"]
[WhiteElo "2087"]
[BlackElo "1935"]
[PlyCount "27"]
[GameId "2160767911743313"]
[EventDate "1999.06.08"]
[EventType "tourn"]
[EventRounds "7"]
[EventCountry "CAN"]

1. e4 e5 2. Bc4 Bc5 3. d3 Nc6 4. Nc3 d6 5. Qf3 Nf6 6. Nge2 Be6 7. Bg5 Bxc4 8. dxc4 Bb4 9. O-O-O Bxc3 10. Nxc3 Nd4 11. Rxd4 exd4 12. Nd5 Qd7 13. Bxf6 Rg8 14. Bxg7 1-0

[Event "Beloeil Estival"]
[Site "Beloeil CAN"]
[Date "1999.06.19"]
[Round "4"]
[White "Charest, Johanne"]
[Black "Lacroix, Serge"]
[Result "1/2-1/2"]
[WhiteElo "1935"]
[BlackElo "1938"]
[PlyCount "103"]
[GameId "2160767911743314"]
[EventDate "1999.06.08"]
[EventType "tourn"]
[EventRounds "7"]
[EventCountry "CAN"]

1. e4 e5 2. Nf3 Nc6 3. Bc4 Nf6 4. d4 exd4 5. O-O Nxe4 6. Re1 d5 7. Bxd5 Qxd5 8. Nc3 Qa5 9. Nxe4 Be6 10. Neg5 O-O-O 11. Nxe6 fxe6 12. Rxe6 Bd6 13. Bg5 Rde8 14. Qe1 Qxe1+ 15. Raxe1 Kd7 16. R6e4 Rxe4 17. Rxe4 Re8 18. Rxe8 Kxe8 19. Kf1 Kd7 20. Ke2 Ke6 21. a3 Kd5 22. Kd3 Ne5+ 23. Nxe5 Bxe5 24. g3 c5 25. Bd2 c4+ 26. Ke2 d3+ 27. cxd3 Bxb2 28. dxc4+ Kxc4 29. a4 Bc3 30. Be3 a5 31. f4 Kb4 32. Kd3 Bb2 33. Kc2 Ba1 34. g4 Kxa4 35. h4 b5 36. f5 b4 37. g5 b3+ 38. Kb1 Be5 39. h5 Kb4 40. Bd2+ Kb5 41. Bc1 Kb4 42. f6 a4 43. Bb2 gxf6 44. g6 hxg6 45. hxg6 Bxb2 46. g7 a3 47. g8=Q Be5 48. Qf8+ Ka4 49. Qa8+ Kb4 50. Qb7+ Ka4 51. Qc6+ Kb4 52. Qb6+ 1/2-1/2

[Event "Beloeil Estival"]
[Site "Beloeil CAN"]
[Date "1999.07.06"]
[Round "5"]
[White "Falardeau, Bruno"]
[Black "Charest, Johanne"]
[Result "0-1"]
[WhiteElo "1883"]
[BlackElo "1935"]
[PlyCount "100"]
[GameId "2160767911743315"]
[EventDate "1999.06.08"]
[EventType "tourn"]
[EventRounds "7"]
[EventCountry "CAN"]

1. e4 e5 2. Nf3 Nc6 3. Bb5 Bc5 4. O-O Nd4 5. Nxd4 Bxd4 6. c3 Bb6 7. d4 c6 8. Ba4 d6 9. Be3 Nf6 10. Nd2 Ng4 11. Qf3 Qh4 12. h3 h5 13. Bb3 Be6 14. d5 cxd5 15. exd5 Bd7 16. Bxb6 axb6 17. Nc4 Ke7 18. Nxb6 Rad8 19. Nxd7 Rxd7 20. Qe4 g5 21. hxg4 hxg4 22. f3 Qh2+ 23. Kf2 g3+ 24. Ke3 Qxg2 25. Qc2 Qxc2 26. Bxc2 Rh2 27. Bf5 Rc7 28. Rab1 Rc4 29. Rg1 Rf4 30. Bc8 g2 31. Bxb7 f5 32. Rbe1 Kf6 33. Re2 Rh3 34. Rexg2 Rhxf3+ 35. Kd2 g4 36. Ba6 e4 37. Be2 e3+ 38. Ke1 Rh3 39. Rf1 Rxf1+ 40. Bxf1 Rh1 41. Rg3 Rh2 42. Rxe3 Rxb2 43. Bc4 f4 44. Re2 Rb1+ 45. Kf2 Kg5 46. Rd2 f3 47. Bd3 Rh1 48. Be4 Kf4 49. Bxf3 g3+ 50. Ke2 Rh2+ 0-1

[Event "Beloeil Estival"]
[Site "Beloeil CAN"]
[Date "1999.07.30"]
[Round "6"]
[White "Charest, Johanne"]
[Black "Marcone, Malcom"]
[Result "1/2-1/2"]
[WhiteElo "1935"]
[BlackElo "1924"]
[PlyCount "91"]
[GameId "2160767911743316"]
[EventDate "1999.06.08"]
[EventType "tourn"]
[EventRounds "7"]
[EventCountry "CAN"]

1. e4 d5 2. exd5 Nf6 3. d4 Bg4 4. Bb5+ Nbd7 5. Qd3 Nxd5 6. Qe4 c6 7. Bxc6 N5f6 8. Bxd7+ Qxd7 9. Qd3 Bf5 10. Qd1 Qc6 11. f3 Qxc2 12. Qxc2 Bxc2 13. Nc3 e6 14. a3 Rd8 15. Nge2 h6 16. Be3 a6 17. Rc1 Bb3 18. Ng3 Be7 19. Nge4 b6 20. Nd2 Bd5 21. Nxd5 Nxd5 22. Bf2 Bg5 23. h4 Bf4 24. g3 Bxd2+ 25. Kxd2 f5 26. Rhe1 Kd7 27. Rh1 Rc8 28. Rxc8 Rxc8 29. Rc1 Rxc1 30. Kxc1 g5 31. hxg5 hxg5 32. Kd2 Kc6 33. Kd3 Kb5 34. b3 a5 35. Be1 a4 36. b4 f4 37. g4 Nf6 38. Bd2 Nd5 39. Bc1 Ne7 40. Bb2 Ng6 41. d5 exd5 42. Bf6 Kc6 43. Bxg5 Ne5+ 44. Ke2 Ng6 45. Kd3 Ne5+ 46. Ke2 1/2-1/2

[Event "Beloeil Estival"]
[Site "Beloeil CAN"]
[Date "1998.08.26"]
[Round "7"]
[White "Lacroix, Serge"]
[Black "Moss, Laurent"]
[Result "0-1"]
[WhiteElo "1938"]
[BlackElo "2121"]
[PlyCount "59"]
[GameId "2160767911743317"]
[EventDate "1999.06.08"]
[EventType "tourn"]
[EventRounds "7"]
[EventCountry "CAN"]
[SourceTitle "Lacroix"]

1. e4 c5 2. Nf3 d6 3. d4 cxd4 4. Nxd4 Nf6 5. Nc3 g6 6. Be3 Bg7 7. f3 Nc6 8. Qd2 O-O 9. Bc4 Bd7 10. O-O-O Rc8 11. Bb3 Ne5 12. h4 Nc4 13. Bxc4 Rxc4 14. g4 b5 15. h5 b4 16. Nce2 Qc7 17. hxg6 fxg6 18. Bh6 Bxh6 19. Rxh6 Rc8 20. c3 Qa5 21. Kb1 Rb8 22. Nb3 Qc7 23. e5 dxe5 24. cxb4 Rcxb4 25. Nc3 Qb7 26. Nd5 Nxd5 27. Qxd5+ Qxd5 28. Rxd5 Be6 29. Rxe5 Bxb3 30. Rxe7 0-1

[Event "Beloeil Hiver"]
[Site "Beloeil CAN"]
[Date "1999.02.28"]
[Round "2"]
[White "Lacroix, Serge"]
[Black "Falardeau, Bruno"]
[Result "1-0"]
[WhiteElo "1889"]
[BlackElo "1973"]
[PlyCount "43"]
[GameId "2160767911805599"]
[EventDate "1999.02.28"]
[EventType "tourn"]
[EventRounds "7"]
[EventCountry "CAN"]
[SourceTitle "Lacroix"]

1. e4 e6 2. d4 d5 3. Nc3 Bb4 4. e5 c5 5. a3 Bxc3+ 6. bxc3 Ne7 7. Nf3 Nbc6 8. Be2 Bd7 9. O-O Rc8 10. dxc5 Qa5 11. Rb1 Nd8 12. c4 Qxc5 13. Be3 Qxa3 14. Qd2 Qa4 15. Nd4 Nec6 16. Nb5 O-O 17. Nd6 Nxe5 18. Nxc8 Bxc8 19. cxd5 exd5 20. Bc5 Re8 21. Bb5 Qe4 22. f3 1-0

[Event "Beloeil Hiver"]
[Site "Beloeil CAN"]
[Date "1999.02.15"]
[Round "3"]
[White "Dubois, Julien"]
[Black "Deschamps, Martin"]
[Result "0-1"]
[WhiteElo "1836"]
[BlackElo "1824"]
[PlyCount "62"]
[GameId "2160767911805600"]
[EventDate "1999.02.28"]
[EventType "tourn"]
[EventRounds "7"]
[EventCountry "CAN"]

1. e4 Nf6 2. e5 Nd5 3. c4 Nb6 4. d4 d6 5. exd6 cxd6 6. Nc3 g6 7. Nf3 Bg7 8. h3 O-O 9. Bd3 Nc6 10. Be3 Nb4 11. Be2 d5 12. Qb3 a5 13. c5 Bf5 14. Rc1 Nc4 15. Na4 e5 16. a3 exd4 17. Nxd4 Nxe3 18. fxe3 Qh4+ 19. Kd2 Bxd4 20. axb4 Rfe8 21. exd4 Qxd4+ 22. Ke1 Rxe2+ 23. Kxe2 Re8+ 24. Kf3 g5 25. g3 Be4+ 26. Kg4 Bc2+ 27. Kh5 Bxb3 28. Nb6 Re6 29. Rhe1 Rxe1 30. Rxe1 Bd1+ 31. g4 Qf6 0-1

[Event "Beloeil Hiver"]
[Site "Beloeil CAN"]
[Date "1999.02.21"]
[Round "6"]
[White "Boulay, David"]
[Black "Lacroix, Serge"]
[Result "0-1"]
[WhiteElo "2075"]
[BlackElo "1891"]
[PlyCount "76"]
[GameId "2160767911805601"]
[EventDate "1999.02.28"]
[EventType "tourn"]
[EventRounds "7"]
[EventCountry "CAN"]

1. e4 e5 2. Nf3 Nc6 3. Bb5 a6 4. Ba4 Nf6 5. O-O Be7 6. Re1 b5 7. Bb3 d6 8. c3 O-O 9. h3 Nd7 10. d4 Nb6 11. Nbd2 exd4 12. cxd4 d5 13. e5 Bf5 14. a3 a5 15. Bc2 Qd7 16. Nb3 Bxc2 17. Qxc2 a4 18. Nc5 Bxc5 19. dxc5 Nc4 20. Bf4 Qe6 21. Rad1 h6 22. Rd3 Qf5 23. Bc1 N6xe5 24. Nxe5 Nxe5 25. Rc3 Qxc2 26. Rxc2 Nd3 27. Re7 Rfe8 28. Rxe8+ Rxe8 29. Be3 c6 30. Rd2 Ne5 31. Bd4 Nc4 32. Rc2 Re1+ 33. Kh2 Rd1 34. Bc3 d4 35. Bb4 d3 36. Rc3 Nxb2 37. Kg3 Rb1 38. Kf3 d2 0-1

[Event "Beloeil Hiver"]
[Site "Beloeil CAN"]
[Date "1999.02.21"]
[Round "6"]
[White "Weston, Paul"]
[Black "Deschamps, Martin"]
[Result "0-1"]
[WhiteElo "2076"]
[BlackElo "1819"]
[PlyCount "112"]
[GameId "2160767911805602"]
[EventDate "1999.02.28"]
[EventType "tourn"]
[EventRounds "7"]
[EventCountry "CAN"]

1. e4 Nf6 2. e5 Nd5 3. c4 Nb6 4. d4 d6 5. f4 dxe5 6. fxe5 Bf5 7. Nc3 e6 8. Nf3 Nc6 9. Be3 Nb4 10. Rc1 c5 11. a3 cxd4 12. Bg5 dxc3 13. Bxd8 cxb2 14. Bxb6 bxc1=Q 15. Qxc1 Nc2+ 16. Kf2 axb6 17. g4 Bc5+ 18. Kg3 Bg6 19. Bg2 Rxa3 20. h4 Nd4 21. Re1 Nc2 22. Re2 Nd4 23. Re1 h6 24. Qxa3 Bxa3 25. Nxd4 O-O 26. h5 Bh7 27. Nb5 Bb4 28. Rd1 f5 29. exf6 Rxf6 30. Bxb7 Bc2 31. Rd8+ Rf8 32. Rxf8+ Bxf8 33. Bc8 e5 34. Be6+ Kh8 35. Bd5 Bd3 36. Nc3 Bb4 37. Ne4 b5 38. cxb5 Bxb5 39. Kf3 Ba4 40. Ng3 Be1 41. Ne2 Bd1 42. Ke3 Kh7 43. Be4+ Kg8 44. Bf5 Kf7 45. Ng1 Kf6 46. Nf3 Bg3 47. Ng1 Bf4+ 48. Kf2 Bb3 49. Be4 Be6 50. Kf3 Kg5 51. Nh3+ Kh4 52. Nf2 Bg3 53. Nh1 Bxg4+ 54. Kg2 Bf4 55. Bg6 Bxh5 56. Bxh5 Kxh5 0-1

[Event "Bluenose CC ch"]
[Site "Halifax CAN"]
[Date "1999.02.19"]
[Round "1"]
[White "Kenney, David"]
[Black "Fleury, Bruce"]
[Result "1-0"]
[WhiteElo "2016"]
[BlackElo "1765"]
[PlyCount "79"]
[GameId "2160767911805610"]
[EventDate "1999.02.19"]
[EventType "swiss"]
[EventRounds "5"]
[EventCountry "CAN"]

1. c4 e5 2. Nc3 Nf6 3. g3 d5 4. cxd5 Nxd5 5. Bg2 Be6 6. d3 c6 7. Nf3 f6 8. Bd2 Na6 9. a3 Be7 10. b4 Nxc3 11. Bxc3 O-O 12. O-O Qc7 13. Qc2 Rad8 14. d4 exd4 15. Nxd4 Bd5 16. Bxd5+ Rxd5 17. Ne6 Qc8 18. Nxf8 Bxf8 19. Qe4 Qd7 20. Qf3 Nc7 21. e3 Nb5 22. Bb2 Rf5 23. Qe2 Qf7 24. Rad1 h5 25. h4 Nd6 26. e4 Rb5 27. f4 Nc4 28. e5 Nxb2 29. Qxb2 a5 30. exf6 gxf6 31. Rd8 axb4 32. axb4 Kg7 33. Rfd1 Qg6 34. Kh2 Qf5 35. R1d7+ Kg6 36. Rxf8 Qe6 37. Qc2+ f5 38. Rfd8 Rd5 39. Rxd5 cxd5 40. Qd2 1-0

[Event "Bluenose CC ch"]
[Site "Halifax CAN"]
[Date "1999.02.19"]
[Round "1"]
[White "Porrier, David"]
[Black "Saunders, Stephen"]
[Result "1/2-1/2"]
[WhiteElo "1763"]
[BlackElo "2014"]
[PlyCount "56"]
[GameId "2160767911805611"]
[EventDate "1999.02.19"]
[EventType "swiss"]
[EventRounds "5"]
[EventCountry "CAN"]

1. d4 f5 2. Nf3 Nf6 3. Bf4 d6 4. e3 g6 5. h3 Bg7 6. c3 c6 7. Bc4 Qb6 8. Qb3 d5 9. Bd3 Be6 10. Nbd2 Nbd7 11. Ne5 Nh5 12. Nxd7 Qxb3 13. Nxb3 Nxf4 14. exf4 Bxd7 15. Nd2 c5 16. Nf3 cxd4 17. cxd4 a6 18. Rc1 Bb5 19. Kd2 Bxd3 20. Kxd3 Kd7 21. Rc2 Rhc8 22. Rhc1 Kd8 23. Ne5 Rxc2 24. Rxc2 Rc8 25. Nf7+ Kd7 26. Ne5+ Kd8 27. Nf7+ Kd7 28. Ne5+ Kd8 1/2-1/2

[Event "Bluenose CC ch"]
[Site "Halifax CAN"]
[Date "1999.02.20"]
[Round "2"]
[White "Saunders, Stephen"]
[Black "Uuetoa, Harold"]
[Result "1-0"]
[WhiteElo "2014"]
[BlackElo "1715"]
[PlyCount "85"]
[GameId "2160767911805612"]
[EventDate "1999.02.19"]
[EventType "swiss"]
[EventRounds "5"]
[EventCountry "CAN"]

1. d4 Nf6 2. c4 g6 3. f3 Bg7 4. e4 d6 5. Nc3 c6 6. Bg5 Qa5 7. Qd2 e5 8. Nge2 Nbd7 9. d5 cxd5 10. cxd5 a6 11. Nc1 b5 12. Nb3 Qb6 13. Be3 Qb8 14. Be2 Nb6 15. Na5 Bd7 16. O-O O-O 17. Rfc1 Rc8 18. Nd1 Rxc1 19. Rxc1 Ne8 20. Nc6 Qb7 21. b3 Nc8 22. Na5 Qb8 23. Nb2 Bf8 24. Nd3 Ne7 25. Nb4 f6 26. Bf1 Qd8 27. Nbc6 Nxc6 28. Nxc6 Bxc6 29. Rxc6 Be7 30. a4 bxa4 31. bxa4 Qb8 32. Rxa6 Rxa6 33. Bxa6 Nc7 34. Bd3 Kf7 35. a5 Qb7 36. Qc3 Na8 37. Kf2 Bd8 38. a6 Qb8 39. a7 Qb7 40. Qc6 Qxc6 41. dxc6 Bb6 42. Bxb6 Nxb6 43. c7 1-0

[Event "Bluenose CC ch"]
[Site "Halifax CAN"]
[Date "1999.02.20"]
[Round "2"]
[White "Urquhart, Eddie"]
[Black "Kenney, David"]
[Result "1-0"]
[WhiteElo "2215"]
[BlackElo "2016"]
[PlyCount "83"]
[GameId "2160767911805613"]
[EventDate "1999.02.19"]
[EventType "swiss"]
[EventRounds "5"]
[EventCountry "CAN"]

1. e4 g6 2. Nc3 Bg7 3. Bc4 c5 4. f4 Nc6 5. Nf3 d6 6. O-O e6 7. Qe1 Nge7 8. d3 O-O 9. Qh4 Na5 10. f5 Nec6 11. fxe6 fxe6 12. Bg5 Qe8 13. Bb3 Nxb3 14. axb3 a6 15. Bh6 Bxh6 16. Qxh6 Qe7 17. Na4 Bd7 18. Nb6 Rad8 19. c3 Rf7 20. Rf2 Rdf8 21. Raf1 Be8 22. Qh3 Nd8 23. Qg3 Qc7 24. Nc4 e5 25. Ne3 Kh8 26. Nd5 Qd7 27. h4 Ne6 28. Nh2 Ng7 29. Qg5 Rxf2 30. Rxf2 Rxf2 31. Kxf2 Qf7+ 32. Ke2 Ne6 33. Qh6 Bd7 34. Nf3 Bc6 35. g3 Bxd5 36. exd5 Nc7 37. Qg5 Kg7 38. Qd8 Nxd5 39. Qxd6 Nf6 40. Nxe5 Qe8 41. Kd2 Qc8 42. Qe7+ 1-0